000 00670pam a2200193 a 4500
003 OSt
005 20251008163301.0
008 920922s1993 ctua b 001 0 eng
020 _a0899307302
040 _cMUST
082 0 0 _a658.4 BAD 1993
100 1 _aBadiru, Adedeji Bodunde,
_919443
245 1 0 _aQuantitative models for project planning, scheduling, and control /
_cAdedeji Bodunde Badiru.
260 _aWestport, Conn. :
_bQuorum Books,
_c1993.
300 _axiv, 355 p. :
_bill. ;
_c25 cm.
504 _aIncludes bibliographical references (p. [329]-350) and index.
650 0 _aProject management
_xPlanning
_xMathematical models.
_919444
942 _2ddc
_cO_SHELF
999 _c9553
_d9553